Zavedenie metódy 5S vo výrobe tepelných čerpadiel

Gespeichert in:
Bibliographische Detailangaben
1. Verfasser: Chmurová, Veronika (Verfasst von)
Weitere Verfasser: Václav, Ľuboš (Betreuung Doktorarbeit)
Format: Manuskript Buch
Sprache:Slowakisch
Veröffentlicht: 2016
Schlagworte:
Online-Zugang:http://is.stuba.sk/zp/portal_zp.pl?podrobnosti=119008
Tags: Tag hinzufügen
Keine Tags, Fügen Sie das erste Tag hinzu!

MARC

LEADER 00000ntm a22000003a 4500
001 stuzp57848
003 SK-STU
005 20160719155400.8
007 ta
008 150427s2015----xo-----f-mn---000-0-slo-d
040 |a STU  |b slo 
041 0 |a slo 
100 1 |a Chmurová, Veronika  |u 064000  |k Z4  |4 aut  |U MTF Materiálovotechnologická fakulta  |T MTF Ústav priemyselného inžinierstva a manažmentu  |X 45554  |U M4000  |Y 84  |7 A000045554 
242 0 1 |a Implementation of 5S Method in the production of heat pumps  |y eng 
245 1 0 |a Zavedenie metódy 5S vo výrobe tepelných čerpadiel 
260 |c 2016 
650 4 |a štandardizácia  |2 slo 
650 4 |a metóda 5S  |2 slo 
650 4 |a štíhla výroba  |2 slo 
650 4 |a druhy plytvania  |2 slo 
650 4 |a produktivita  |2 slo 
650 4 |a 5S method  |2 eng 
650 4 |a standardization  |2 eng 
650 4 |a lean management  |2 eng 
650 4 |a types of waste  |2 eng 
650 4 |a productivity  |2 eng 
700 1 |a Václav, Ľuboš  |4 ths  |X 69710  |7 A000069710 
856 4 |u http://is.stuba.sk/zp/portal_zp.pl?podrobnosti=119008 
996 |c M* DP-12891  |l MMSKP  |s P  |a 0  |w stuzp57848_0001 
SQL |a stuzp57848  |b DDP  |c SLO  |d Zavedenie metódy 5S vo výrobe tepelných čerpadiel  |e 45554  |f Chmurová, Veronika  |g 064000  |h 69710  |i Václav, Ľuboš  |j 20160607  |k 183  |l 06  |m http://is.stuba.sk/zp/portal_zp.pl?podrobnosti=119008  |n I-IKP  |o 5.2.57. kvalita produkcie